Vidal 1998 Việt Nam

Nội dung sách giúp cho cán bộ y tế có được hình ảnh hoạt động của từng công ty, xí nghiệp dược phẩm. Bài chuyên khảo cung cấp tư liệu đầy đủ cho từng loại thuốc. Phần tương tác trong trường hợp sử dụng nhiều loại thuốc cùng một lúc...

Description complète

Enregistré dans:
Détails bibliographiques
Format: Livre
Langue:Vietnamese
Publié: Cà Mau Mũi Cà Mau 1998
Sujets:
Tags: Ajouter un tag
Pas de tags, Soyez le premier à ajouter un tag!
Thư viện lưu trữ: Thư viện Trường Đại học Nam Cần Thơ
LEADER 01142nam a22001697a 4500
001 NCT_4_005102
008 240229b xxu||||| |||| 00| 0 vie d
999 |c 8136  |d 8136 
082 0 4 |2 23rd ed.  |a 615.1  |b V300D 
245 0 0 |a Vidal 1998 Việt Nam 
260 |a Cà Mau  |b Mũi Cà Mau  |c 1998 
300 |a 643tr.  |c 29 cm 
520 3 |a Nội dung sách giúp cho cán bộ y tế có được hình ảnh hoạt động của từng công ty, xí nghiệp dược phẩm. Bài chuyên khảo cung cấp tư liệu đầy đủ cho từng loại thuốc. Phần tương tác trong trường hợp sử dụng nhiều loại thuốc cùng một lúc đã hỗ trợ cho các bác sĩ, dược sĩ trong khi kê đơn, hướng dẫn sử dụng thuốc một cách hợp lý và an toàn cho bệnh nhân. 
653 |a Dược học 
942 |2 ddc  |c BK 
952 |0 0  |1 0  |2 ddc  |4 0  |6 615_100000000000000_V300D  |7 0  |9 28684  |a 000001  |b 000001  |d 2024-02-29  |o 615.1 V300D  |p MD.22309  |r 2024-02-29  |w 2024-02-29  |y BK 
980 |a Thư viện Trường Đại học Nam Cần Thơ